Normal view
MARC view
Entry Personal Name
001 - CONTROL NUMBER
- control field: 1607
003 - CONTROL NUMBER IDENTIFIER
- control field: OSt
005 - DATE AND TIME OF LATEST TRANSACTION
- control field: 20110426092701.0
008 - FIXED-LENGTH DATA ELEMENTS
- fixed length control field: 110426|||a|||||| | ||| d
040 ## - CATALOGING SOURCE
- Original cataloging agency: OSt
- Transcribing agency: OSt
100 ## - HEADING--PERSONAL NAME
- Personal name: Ivamy, E. R. Hardy
- Fuller form of name: (Edward Richard Hardy)
670 ## - SOURCE DATA FOUND
- Source citation: Work cat.: (OSt)552: Ivamy, E. R. Hardy (Edward Richard Hardy), Casebook on insurance law /, 1984.
